| 000 | 00979nam a2200301 i 4500 | ||
|---|---|---|---|
| 001 | bg | ||
| 100 | 1 | _aDURBANO, Linda | |
| 245 | 1 | 0 |
_aWystrój okna w 2 godziny / _cLinda Durbano, Marni Kissel, Mechelle Christian ; z ang. przeł. Hanna Jankowska. |
| 246 |
_iTyt. oryg.: _a. |
||
| 260 |
_aWarszawa : _bKlub dla Ciebie - Bauer-Weltbild Media, _c2003. |
||
| 300 |
_a143, [1] s. : _bil. ; _c28 cm. |
||
| 500 | _aTyt. oryg.: Two-our window treatments". | ||
| 504 | _aIndeks. | ||
| 650 | 9 |
_aOkno _xestetyka |
|
| 650 | 9 | _aZdobnictwo | |
| 655 | _aWydawnictwa popularne | ||
| 700 | 1 | _aKISSEL, Marni | |
| 700 | 1 | _aCHRISTIAN, Mechelle | |
| 700 | 1 |
_aJANKOWSKA, Hanna _c(tłumacz). _eTł. |
|
| 020 | _a838931424X | ||
| 040 | _cBPK | ||
| 041 | 1 |
_apol _heng |
|
| 080 | _a747:643/645](02.025.2) | ||
| 920 | _a83-89314-24-X | ||
| 942 | _cKS | ||
| 008 | s pl f |000 0 pol | ||
| 999 |
_c52489 _d52489 |
||
| 856 |
_uhttp://koha.tu.koszalin.pl/cgi-bin/koha/opac-detail.pl?biblionumber=52489 _yKatalog online BPK |
||